| 000 | 00455nam a2200157 4500 | ||
|---|---|---|---|
| 999 |
_c429 _d429 |
||
| 008 | 151203b xxu||||| |||| 00| 0 eng d | ||
| 020 | _a0073528358 | ||
| 082 |
_2c2006 _aDK12 338.04 _bEn61 |
||
| 245 |
_aEntrepreneurship: _bannual edition |
||
| 250 | _aFifth edition. | ||
| 260 |
_aDubuque, IA: _bMcGraw-Hill, _cc2006. |
||
| 300 |
_axvi, 207 pages: _billustrations; _c11 cm. |
||
| 500 | _aInclude index. | ||
| 650 | 0 |
_91081 _aEntrepreneurship. |
|
| 942 |
_2ddc _cBK |
||